01316nam a2200373 i 450000100060000000300080000600500170001400600190003100700150005000800410006502000280010603500220013404000310015605000210018708000100020808200160021810000300023424500940026426400360035830000570039433600290045133700330048033800430051349000340055650400430059058800830063365000230071665000270073965000250076665000260079165500270081783000350084485600630087935727FINmELB20241216221348.0m o u cr cn|||||||||220525s2020 ck a ob 000 0 spa d a9789586604154q(e-book) a(OCoLC)1332518854 aFINmELBbspaerdacFINmELB14aHG179bS713 2020 a336.704a332.0242231 aSora Barreto, Luz Amanda.10aCartilla financiera :bcómo manejar sus finanzas personales /cLuz Amanda Sora Barreto. 1aTunja :bEditorial UPTC,c2020. a1 recurso en línea (32 páginas) :bilustraciones atextobtxt2rdamedia/spa acomputadorabc2rdamedia/spa arecurso en líneabcr2rdacarrier/spa1 aColección académica ;v28 aContiene referencias bibliográficas. aDescripción basada en metadatos suministrados por el editor y otras fuentes. 0aFinance, Personal. 0aSaving and investment. 4aFinanzas personales. 4aAhorro e inversión. 4aLibros electrónicos. 0aColección académica ;v28.40uhttps://elibro.net/ereader/politecnicointernacional/193931